BUSINESSLOGISTICS/SUPPLY CHAIN MANAGEMENT (Record no. 26577)

000 -LEADER
fixed length control field 00428nam a2200181Ia 4500
003 - CONTROL NUMBER IDENTIFIER
control field OSt
005 - DATE AND TIME OF LATEST TRANSACTION
control field 20250728131722.0
008 - FIXED-LENGTH DATA ELEMENTS--GENERAL INFORMATION
fixed length control field 200615s9999||||xx |||||||||||||| ||und||
020 ## - INTERNATIONAL STANDARD BOOK NUMBER
International Standard Book Number 9788178080314
040 ## - CATALOGING SOURCE
Transcribing agency MUIT
082 ## - DEWEY DECIMAL CLASSIFICATION NUMBER
Classification number 650
Item number BUS-C
100 ## - MAIN ENTRY--PERSONAL NAME
Personal name CHRISTOPHER,MARTIN.
245 #0 - TITLE STATEMENT
Title BUSINESSLOGISTICS/SUPPLY CHAIN MANAGEMENT
250 ## - EDITION STATEMENT
Edition statement 2ND
260 ## - PUBLICATION, DISTRIBUTION, ETC.
Place of publication, distribution, etc. Pearson
Name of publisher, distributor, etc. PEARSON
Date of publication, distribution, etc. 2005
300 ## - PHYSICAL DESCRIPTION
Extent 304
942 ## - ADDED ENTRY ELEMENTS (KOHA)
Koha item type Book
Source of classification or shelving scheme
Holdings
Withdrawn status Lost status Damaged status Not for loan Collection code Permanent Location Current Location Shelving location Date acquired Total Checkouts Full call number Barcode Date last seen Price effective from Koha item type
        School of Management Maharishi School of Business & Management (Lucknow) Maharishi School of Business & Management (Lucknow) R44S2 2020-06-15   658 SOM0351 2020-06-15 2020-06-15 Book

All Rights Reserved@MUIT

Powered by Koha